00000000nam##2200000za#4500
0019.662471
003CaOODSP
00520210615120554
007ta
008150407|2001||||xxc|||||     f|0| 0 eng|d
020 |a0-662-65458-7
040 |aCaOODSP|beng
041 |aeng
041 |afre
043 |an-cn---
0861 |aE2-212/2001
1101 |aCanada.|bForeign Affairs and International Trade. |bTrade, Economic and Environmental Policy.
24510|aAgenda 2003 : |ba sustainable development strategy for the Department of Foreign Affairs and International Trade
260 |aOttawa - Ontario : |bForeign Affairs and International Trade. |c2001.
300 |aEnglish text, 40p. : |billus. ; |c28 cm.
546 |aBilingual
563 |aSoftcover
590 |a01-10|b2001-03-09
69007|aEnvironmental management|2gcpds
69007|aTrade policy|2gcpds
69007|aForeign affairs|2gcpds
7760#|tAction 2003 : |w(CaOODSP)9.637887
7760#|tAgenda 2003 : |w(CaOODSP)9.693713
792 |tAction 2003 : |efre|w(CaOODSP)9.662472